|
|
|
|
| LEADER |
01107nam a2200217 i 4500 |
| 003 |
GR-PaULI |
| 005 |
20220114130235.0 |
| 008 |
220114s1957 gr g 000 1 gre d |
| 952 |
|
|
|0 0
|1 0
|2 ddc
|4 0
|6 851_100000000000000_ΚΑΖ
|7 1
|9 354382
|a LISP
|b LISP
|c DON
|d 2022-01-14
|e ΨΥΧ
|i 254595
|l 0
|o 851.1 ΚΑΖ
|p 025000289577
|r 2022-01-14 00:00:00
|t 1
|w 2022-01-14
|y BKN
|
| 999 |
|
|
|c 207768
|d 207768
|
| 040 |
|
|
|a GR-PaULI
|b gre
|c GR-PaULI
|e AACR2
|
| 082 |
0 |
4 |
|a 851.1
|2 23
|
| 100 |
1 |
|
|9 30947
|a Dante, Alighieri,
|d 1265-1321,
|e συγγραφέας.
|
| 245 |
1 |
0 |
|a Θεία κωμωδία :
|b κόλαση, καθαρτήρι, παράδεισος /
|c Δάντη ; έμμετρη μετάφραση Ν. Καζαντζάκη.
|
| 260 |
|
|
|a Αθήνα :
|b Δίφρος,
|c 1957.
|
| 300 |
|
|
|a 210 σ. ;
|c 22 εκ.
|
| 650 |
|
4 |
|9 54954
|a Ιταλική λογοτεχνία
|x Μεταφράσεις στα ελληνικά
|
| 650 |
|
4 |
|9 131585
|a Ιταλική λογοτεχνία
|y 14ος αιώνας
|
| 700 |
1 |
|
|9 6798
|a Καζαντζάκης, Νίκος,
|d 1883-1957,
|e μεταφραστής.
|
| 942 |
|
|
|2 ddc
|c BK
|
| 998 |
|
|
|c Σαλαμούρα
|d 2022-01
|